The Doctor, the Depleted Uranium, and the Dying Children (Record no. 335104)
[ view plain ]
| 000 -LEADER | |
|---|---|
| fixed length control field | 00586nam a2200097Ia 4500 |
| 008 - FIXED-LENGTH DATA ELEMENTS--GENERAL INFORMATION | |
| fixed length control field | 170517s9999 xx 000 0 und d |
| 245 #4 - TITLE STATEMENT | |
| Title | The Doctor, the Depleted Uranium, and the Dying Children |
| 300 ## - PHYSICAL DESCRIPTION | |
| Extent | An award winning documentary film produced for German television by Freider Wagner and Valentin Thurn. The film exposes the use and impact of radioactive weapons during the current war against Iraq. The story is told by citizens of many nations. It opens with comments... |
| 650 ## - SUBJECT ADDED ENTRY--TOPICAL TERM | |
| General subdivision | Technology. |
| 856 ## - ELECTRONIC LOCATION AND ACCESS | |
| Uniform Resource Identifier | <a href="http://topdocumentaryfilms.com/doctor-depleted-uranium-dying-children/">http://topdocumentaryfilms.com/doctor-depleted-uranium-dying-children/</a> |
| Withdrawn status | Lost status | Damaged status | Home library | Current library | Date acquired | Total Checkouts | Date last seen | Price effective from | Koha item type |
|---|---|---|---|---|---|---|---|---|---|
| College Library | College Library | 05/17/2017 | 05/17/2017 | 05/17/2017 | Documentary Films |